000 01083nmm a22002177a 4500
005 20131122175104.0
008 131122b2006 ck ||||| |||| 00| 0 spa d
041 _aspa
044 _ack
090 _aLB
_b05759
100 _aAcevedo, Celeste
_92877
245 _aCapacitación para el manejo de áreas protegidas en América Latina :
_bUna aproximación a la demanda de los actores
260 _as.l.
_bCosude
_c2010
300 _a100 p.
_bil., (col), Gráficas
_c13 cm.
500 _aProyecto: Fortalecimiento de capacidades regionales por medio de la sistematización, análisis y transferencia de conocimientos en manejo de recursos naturales
505 _aIncluye Contenido Temático
520 _ala alianza de capacitación para la conservación de la biodiversidad en el Trópico Americano, está desarrollando la siguiente recopilación de información con el objetivo de identificar las necesidades de capacitación para el manejo de las Áreas protegidas de nuestra región
700 1 2 _aNelly, Vásquez
_92878
700 1 2 _aRobles, Gabriel
_92879
942 _2z
_cCD-ROM
999 _c7885
_d7885